000 00814nam a2200205 u 4500
001 000023945
005 20200930022606.0
008 110117s1998 mx a r 000 | spa d
020 _a9683666326
040 _aDO-SdBNP
_bspa
_cBNPHU
082 _axxx
_bR467
100 1 _aReza, Germán A. de la
_913322
245 1 0 _a¿Qué pasa con la cultura? : políticas culturales de la dirección de cultura del ministerio de educación y cultura /
_cGermán A. de la Reza; edición al cuidado de Marisol Simón.
260 _aMéxico, D. F. :
_bUniversidad Nacional Autónoma de México, Instituto de Investigaciones Económicas,
_c1998.
300 _a1645 p. :
_bil. ;
_c28 cm.
500 _aIncluye notas al pie de páginas
500 _aIncluye bibliografía
700 1 _aSimón, Marisol
_eed.
_949262
049 _aBNGR
999 _c23441
_d23441